000 01622nam a22002897a 4500
003 DO-SdBNP
005 20260211101520.0
007 ta
008 210722b 2021 dr 00| 0 eng d
020 _a9789945610338
040 _aDO-SdBNP
_bspa
_cBNPHU
082 4 _a344.01
_bC117c
_222
100 1 _aCabral Brea, Mayra Zuleica
_979342
245 1 3 _aEl control de las políticas públicas sociales por parte de los tribunales constitucionales :
_buna mirada desde el neoconstitucionalismo latinoamericano /
_cMayra Zuleica Cabral Brea ; prólogo Isabel Garrido Gómez.
260 _aSanto Domingo :
_bTribunal Constitucional de la Republica Dominicana,
_c2021.
300 _a766 p. ;
_c23 cm.
500 _aIncluye referencias bibliográficas y notas al pie de las páginas
500 _aIncluye datos biográficos de la autora en las solapas
504 _aBibliografía: p. 719-766
505 0 _aDedicatoria --
_tPresentación --
_tPrólogo --
_tAgradecimientos --
_tIntruducción --
_tConsideraciones generales en torno a los derechos sociales --
_tEl nuevo paradigma jurídico-constitucional y la consecuente ampliación de garantías para los derechos sociales --
_tLas sentencias que controlan políticas públicas sociales –
_tRiesgos y desafíos del control de las políticas publicas sociales por parte de los tribunales constitucionales.
590 _aInventariado, 2021 /LP
650 1 0 _aTribunales constitucionales
_978719
651 4 _aAmérica Latina
_xPolítica social
_930058
700 1 _aGarrido Gómez, Isabel,
_epról.
_979343
910 _aLopérez.Validado. Control de calidad MFF
942 _2ddc
_cLBS1
999 _c50158
_d50158